000 00614nam a2200229Ia 4500
003 OSt
005 20230619161904.0
008 210423s2011 xx 000 0 und d
020 _a978-0-00-790218-7
040 _cAL
041 _aeng
082 _a823.8 ELIM
100 _aELIOT (George)
_9105125
245 _aMiddlemarch: a study of provincial life
260 _aLondon
_bCollins Classics
_c2011
300 _axvi,988
_bPB
365 _b199
_cINR
650 _aEnglish Fiction
_9105126
650 _aEnglish Literature
_9105127
906 _alife ; Middlemarch: ; provincial ; study
942 _2ddc
_cBK
999 _c166321
_d166321